| 000 | 00342nam a2200145Ia 4500 | ||
|---|---|---|---|
| 008 | 230312s9999||||xx |||||||||||||| ||und|| | ||
| 020 | _a81-239-0649-8 | ||
| 082 |
_a612 _bPIL-E |
||
| 100 | _aPillai;K.K | ||
| 245 | 0 | _aExperimental Pharmacology | |
| 260 |
_bCBS _aIndia _c2014 |
||
| 300 | _a124 | ||
| 650 |
_aMedical _vPharmacology |
||
| 942 | _cBK | ||
| 999 |
_c9954 _d9954 |
||